000 00385nam a2200169Ia 4500
001 7337
003 IN-NITTTR
005 20251114233027.0
008 251113s9999||||xx |||||||||||||| ||eng||
040 _beng
040 _cIN-NITTTR
041 _aeng
082 _a621.56 K58M
100 _aKing, Guy R.
245 0 _aModern refrigeration practice. /
_cKing, Guy R.
942 _2ddc
_cBK
999 _c9975
_d9975